00910nam a2200217 i 4500001000700000003000900007005001700016007000300033008004100036245011500077260007100192300004700263490005300310650005500363651004500418651003600463700003600499710007200535830005300607852003200660103760ES-MaACL20230906183435.0t|051117s1983 sp ||||1| spa d03aLa mesa de Setefilla b: Lora del Río (Sevilla): Campaña de 1979 /cMª Eugenia Aubet Semmler... [et al.]. aMadrid : bDirección General de Bellas Artes y Archivos, c1983. a193 p., con lám. 1-17 : bil. ; c29 cm.1 aExcavaciones arqueológicas en España ; v122 4aExcavaciones arqueológicas-zSevilla (Provincia) 4aLora del Río-xRestos arqueológicos. 4aSetefilla (Sevilla, Yacimiento)1 aAubet Semmler, María Eugenia.1 aEspaña. bSubdirección General de Arqueología y Etnografía.0 aExcavaciones arqueológicas en España ; v122 aES-MaACLjL-4927 bR.105523